Statistics for Nz main cities

Click here to take the quiz!

General Stats

  • This quiz has been taken 83 times
  • The average score is 12 of 21

Answer Stats

IslandAnswer% Correct
NorthAuckland
100%
SouthChristchurch
96%
NorthWellington
93%
SouthDunedin
89%
NorthHamilton
84%
NorthNapier
69%
NorthPalmerston North
69%
SouthNelson
67%
NorthNew Plymouth
67%
NorthHastings
64%
NorthTauranga
64%
NorthRotorua
60%
NorthGIsborne
58%
NorthTaupo
58%
NorthWhangarei
58%
NorthWhanganui
49%
NorthLower Hutt
42%
NorthUpper Hutt
36%
SouthInvergacil
4%
NorthPoirura
4%
NorthHibiscus Coast
2%

Score Distribution

Percentile by Number Answered

Percent of People with Each Score

Your Score History

You have not taken this quiz